| 000 | 00646nam a22001815i 4500 | ||
|---|---|---|---|
| 001 | 167416 | ||
| 003 | ES-MaACL | ||
| 005 | 20231206063250.0 | ||
| 008 | 981228s1878 sp |||| | spa d | ||
| 040 |
_aCCPB | B _bspa _cCCPB | B |
||
| 100 | 1 |
_aVicuña, Gumersindo, _d1840-1890 _9114406 |
|
| 245 | 1 | 0 |
_aImpresiones y juicio de la Exposición Universal de 1878 / _cpor Gumersindo Vicuña. |
| 260 |
_aMadrid : _b[s.n.], _c1878 ( _fImprenta La Guirnalda) |
||
| 300 |
_a289 p. ; _c18 cm. |
||
| 611 | 2 |
_aExposition Universelle. _d1878. _cParis) _9135143 |
|
| 852 |
_aES-MaACL _jG-10132 _z-- Enc. pasta española |
||
| 999 |
_c167416 _d167416 |
||